El instante suspendido /

Salvato in:
Dettagli Bibliografici
Autore principale: Escamilla, Mercedes (autor)
Natura: Libro
Lingua:spagnolo
Pubblicazione: México : Tinta, Letra, Libro, 2011, c2011
Tags: Aggiungi Tag
Nessun Tag, puoi essere il primo ad aggiungerne!!

MARC

LEADER 00000nam^a2200000^a^4500
001 000578666
005 20250521000000.0
009 20260310132514.047
020 |a 978-607-00-4818-8 
037 |a Acervo ITESO - Biblioteca 
041 |a ESP 
091 |a FLG. 00430 
100 |a Escamilla, Mercedes  |e (autor) 
245 1 3 |a El instante suspendido / 
264 4 |a México :  |b Tinta, Letra, Libro,  |c 2011, c2011 
300 |a 73 p. 
336 |a texto  |b txt  |2 rdacontenido 
337 |a sin mediación  |b n  |2 rdamedio 
338 |a volumen  |b nc  |2 rdasoporte 
649 |a XX 
910 |a Fondo Luis González de Alba 
920 |a Impresos - Libros 
930 |a Fondos Especiales 
940 |a Literatura 
905 |a 141 
901 |a 0500397895  |b IT2  |c ESP  |i D103400  |u 20250521 
902 |a https://opac.biblio.iteso.mx/vufind/Record/000578666